[Event "TCh-FRA Top 16 GpB 2023"]
[Site "Chartres FRA"]
[Date "2023.06.03"]
[Round "3.1"]
[Board "2"]
[White "Van Foreest, Jorden"]
[Black "Esipenko, Andrey"]
[Result "1-0"]
[WhiteTitle "GM"]
[BlackTitle "GM"]
[WhiteElo "2695"]
[BlackElo "2682"]
[WhiteTeam "Clichy Echecs 92"]
[BlackTeam "Asnieres Le Grand Echiquier"]
[WhiteFideId "1039784"]
[BlackFideId "24175439"]
[EventDate "2023.06.01"]

1. e4 e5 2. Nf3 Nf6 3. Nxe5 d6 4. Nf3 Nxe4 5. d4 d5 6. Bd3 Bd6 7. O-O O-O 8. c4
c6 9. Nc3 Nxc3 10. bxc3 dxc4 11. Bxc4 Bf5 12. Ng5 h6 13. Qf3 Bg6 14. Ne4 Bxh2+
15. Kxh2 Qh4+ 16. Qh3 Qxh3+ 17. gxh3 Bxe4 18. Rg1 Re8 19. Bxh6 g6 20. h4 Nd7 21.
h5 Nb6 22. Bb3 Nd5 23. c4 Nf6 24. hxg6 Bxg6 25. Be3 Re4 26. Kg3 Ng4 27. Bc2 Re6
28. Bxg6 Rxg6 29. Kf4 Nxe3 30. Rxg6+ fxg6 31. fxe3 Rf8+ 32. Ke4 Kg7 33. d5 b6
34. Kd4 Rf3 35. Rh1 Rf2 36. Ke5 1-0

[Event "TCh-FRA Top 16 GpB 2023"]
[Site "Chartres FRA"]
[Date "2023.06.03"]
[Round "3.1"]
[Board "3"]
[White "Vachier-Lagrave, Maxime"]
[Black "Amin, Bassem"]
[Result "1/2-1/2"]
[WhiteTitle "GM"]
[BlackTitle "GM"]
[WhiteElo "2747"]
[BlackElo "2690"]
[WhiteTeam "Asnieres Le Grand Echiquier"]
[BlackTeam "Clichy Echecs 92"]
[WhiteFideId "623539"]
[BlackFideId "10601457"]
[EventDate "2023.06.01"]

1. e4 e5 2. Nf3 Nc6 3. Bb5 a6 4. Ba4 Nf6 5. O-O Be7 6. Re1 b5 7. Bb3 d6 8. c3
O-O 9. h3 Nb8 10. d4 Nbd7 11. Nbd2 Bb7 12. Bc2 Re8 13. Nf1 Bf8 14. Ng3 g6 15. a4
Bg7 16. d5 Qb8 17. b4 c6 18. dxc6 Bxc6 19. axb5 axb5 20. Rxa8 Bxa8 21. Bb3 Nb6
22. Qd3 Rc8 23. Bg5 Nc4 24. Nd2 Qc7 25. Bxc4 bxc4 26. Qe2 Nd7 27. Ra1 d5 28.
exd5 Bxd5 29. Ra5 Qc6 30. Nge4 f6 31. Bh4 f5 1/2-1/2

[Event "TCh-FRA Top 16 GpB 2023"]
[Site "Chartres FRA"]
[Date "2023.06.03"]
[Round "3.1"]
[Board "4"]
[White "Hamdouchi, Hicham"]
[Black "Alekseenko, Kirill"]
[Result "1/2-1/2"]
[WhiteTitle "GM"]
[BlackTitle "GM"]
[WhiteElo "2526"]
[BlackElo "2686"]
[WhiteTeam "Clichy Echecs 92"]
[BlackTeam "Asnieres Le Grand Echiquier"]
[WhiteFideId "9000011"]
[BlackFideId "4135539"]
[EventDate "2023.06.01"]

1. e4 c5 2. Nf3 Nc6 3. Bc4 e6 4. O-O a6 5. Re1 Be7 6. d4 cxd4 7. Nxd4 Qc7 8.
Nxc6 Qxc6 9. Bd3 d6 10. a4 Nf6 11. Nd2 O-O 12. a5 e5 13. Nc4 Bd8 14. b3 Be6 15.
Qf3 Nd7 16. Bd2 Nc5 17. Bb4 Bc7 18. Qe3 Nd7 19. Qf3 Rfe8 20. Ne3 Nc5 21. Nd5 b5
22. axb6 Bxb6 23. Nxb6 Qxb6 24. Ba5 Qc6 25. Qe3 Rec8 26. Bf1 Nb7 27. Bd3 f6 28.
Qb6 Nc5 29. Qxc6 Rxc6 30. Bf1 Bf7 31. Bb4 Ne6 32. c3 Nc7 33. Red1 d5 34. exd5
Nxd5 35. Bc4 Nxb4 36. Bxf7+ Kxf7 37. cxb4 Rb8 38. Ra4 Ke6 39. h4 Rbb6 40. Rda1
Rd6 41. g3 h5 42. Kg2 Kf5 43. R1a2 Rbc6 44. Ra5 Rb6 45. R5a4 g6 46. Ra1 Ke6 47.
R1a2 Kd7 48. Rc2 f5 49. Kf1 Ke6 50. Ke2 Kf6 51. Rc5 Re6 52. Rc4 g5 53. hxg5+
Kxg5 54. Ra5 e4 55. Rcc5 Rf6 56. b5 axb5 1/2-1/2

[Event "TCh-FRA Top 16 GpB 2023"]
[Site "Chartres FRA"]
[Date "2023.06.03"]
[Round "3.1"]
[Board "5"]
[White "Moussard, Jules"]
[Black "Gharamian, Tigran"]
[Result "1/2-1/2"]
[WhiteTitle "GM"]
[BlackTitle "GM"]
[WhiteElo "2655"]
[BlackElo "2601"]
[WhiteTeam "Asnieres Le Grand Echiquier"]
[BlackTeam "Clichy Echecs 92"]
[WhiteFideId "642908"]
[BlackFideId "13301527"]
[EventDate "2023.06.01"]

1. e4 e5 2. Nf3 Nc6 3. Bb5 a6 4. Ba4 Bc5 5. O-O Nge7 6. c3 Ng6 7. d4 Ba7 8. Bg5
f6 9. Be3 O-O 10. Nbd2 Kh8 11. Re1 d6 12. h3 exd4 13. cxd4 d5 14. Bxc6 bxc6 15.
Qc2 dxe4 16. Nxe4 Qd5 17. Nc3 Qh5 18. Qd1 Be6 19. Ne5 Qxd1 20. Nxg6+ hxg6 21.
Rexd1 Rfd8 22. Rac1 g5 23. b3 Bb6 24. f3 Kg8 25. Bf2 a5 26. Na4 Bd5 27. Re1 Kf8
28. Re2 Re8 29. Kf1 Rxe2 30. Kxe2 Ke7 31. Kd3 Kd7 32. Be3 Rh8 33. Bd2 Rh4 34.
Nc5+ Kc8 35. Be1 Rh8 36. Na4 f5 37. Nc3 Be6 38. Ne2 Kd7 39. Bg3 a4 40. bxa4 Ra8
41. Nc3 Ba5 42. Be5 Bxc3 43. Rxc3 Rxa4 44. a3 g6 45. g4 Bd5 46. Ke2 Ke6 47. Re3
Kf7 48. Kd2 Ra7 49. Kc1 Ra4 50. Kd2 Ra7 51. f4 gxf4 52. Bxf4 fxg4 53. hxg4 Kf6
54. Ke2 g5 55. Bg3 Be6 56. Be5+ Kg6 57. Kf3 Bd5+ 58. Kg3 Ra4 59. Rc3 Ra7 60. Kh3
Ra4 61. Kg3 Ra7 62. Kf2 Kf7 63. Ke2 Be6 64. Kf3 Bd5+ 65. Ke3 Be6 66. Rxc6 Rxa3+
67. Ke4 Bxg4 68. Rxc7+ Kg6 69. Rg7+ Kh6 70. Rg8 Be6 71. Rf8 Bh3 72. Rg8 Ra8 73.
Bb8 Bg2+ 74. Kf5 Bh3+ 75. Ke5 Ra5+ 76. d5 Bg2 77. Kf6 Kh7 78. Rg7+ Kh6 79. Rg6+
Kh7 80. d6 Bh3 81. Rg7+ Kh6 82. Rg8 Rf5+ 83. Ke7 Re5+ 84. Kf7 Rf5+ 85. Ke7 Re5+
86. Kd8 Kh7 87. Rf8 Kg6 88. Rf3 Bf5 89. Kc7 Rd5 90. Ba7 Rd1 91. Rc3 Kh5 92. Be3
Kg6 93. Rc6 Kh5 94. Rc5 Kg6 95. Rc4 g4 96. Bf4 Rd3 97. Rc1 Rd4 98. Bg3 Rd3 99.
Bf4 Rd4 100. Bg3 Rd3 1/2-1/2

[Event "TCh-FRA Top 16 GpB 2023"]
[Site "Chartres FRA"]
[Date "2023.06.03"]
[Round "3.1"]
[Board "6"]
[White "Delorme, Axel"]
[Black "Pelletier, Yannick"]
[Result "1/2-1/2"]
[WhiteTitle "GM"]
[BlackTitle "GM"]
[WhiteElo "2483"]
[BlackElo "2511"]
[WhiteTeam "Clichy Echecs 92"]
[BlackTeam "Asnieres Le Grand Echiquier"]
[WhiteFideId "632023"]
[BlackFideId "1301837"]
[EventDate "2023.06.01"]

1. e4 c6 2. d4 d5 3. Nc3 dxe4 4. Nxe4 Bf5 5. Ng3 Bg6 6. h4 h6 7. Nf3 Nd7 8. h5
Bh7 9. Bd3 Bxd3 10. Qxd3 e6 11. Bd2 Ngf6 12. O-O-O Be7 13. Ne4 Nxe4 14. Qxe4 Nf6
15. Qe2 Qd5 16. Kb1 Qb5 17. c4 Qf5+ 18. Ka1 Rd8 19. Rde1 O-O 20. Bc3 Ng4 21. Nh4
Qxh5 22. f3 Bxh4 23. g3 Nf6 24. Rxh4 Qg6 25. g4 b5 26. g5 Qxg5 27. Qh2 Qf5 28.
Bd2 Nh7 29. Rg1 f6 30. Qc7 Ng5 31. Bb4 Rc8 32. Qb7 Rb8 33. Qxa7 1/2-1/2

[Event "TCh-FRA Top 16 GpB 2023"]
[Site "Chartres FRA"]
[Date "2023.06.03"]
[Round "3.1"]
[Board "8"]
[White "Benmesbah, Natacha"]
[Black "Guichard, Pauline"]
[Result "1-0"]
[WhiteTitle "WIM"]
[BlackTitle "IM"]
[WhiteElo "2279"]
[BlackElo "2395"]
[WhiteTeam "Clichy Echecs 92"]
[BlackTeam "Asnieres Le Grand Echiquier"]
[WhiteFideId "642002"]
[BlackFideId "639370"]
[EventDate "2023.06.01"]

1. d4 Nf6 2. Nc3 d5 3. Bf4 c5 4. e4 Nxe4 5. Nxe4 dxe4 6. dxc5 Qa5+ 7. c3 Qxc5 8.
Qa4+ Bd7 9. Qxe4 Bc6 10. Qd3 e5 11. b4 Qd6 12. Qe3 Nd7 13. Bg3 Be7 14. Nf3 O-O
15. Bc4 Rac8 16. Bb3 Bb5 17. Rd1 Qc6 18. a4 Bxa4 19. Bxa4 Qxa4 20. O-O f6 21.
Qe4 Rc7 22. Nd4 Rxc3 23. Nf5 Rf7 24. Qxb7 Bxb4 25. Ra1 Ra3 26. Rac1 Nf8 27. Qd5
a5 28. Rfd1 Qe8 29. f3 Qe6 30. Qe4 Rd7 31. Rxd7 Qxd7 32. Bf2 Rd3 33. h4 Rd1+ 34.
Rxd1 Qxd1+ 35. Kh2 Qd7 36. g3 g6 37. Ne3 Kg7 38. Nd5 Bd6 39. Nb6 Qc7 40. Qd5 Bb4
41. Kg2 Qe7 42. Qc6 Qe6 43. Qb7+ Qf7 44. Qc6 Qe6 45. Qb7+ Qe7 46. Qc6 Kf7 47.
Nd5 Qd6 48. Qc4 Kg7 49. Be3 Nd7 50. Nc7 Kh8 51. Bh6 Qd1 52. Ne6 Bf8 53. Nxf8
Nxf8 54. Bxf8 Qd2+ 55. Kf1 Qd1+ 56. Kf2 Qd2+ 57. Qe2 Qd4+ 58. Kg2 Kg8 59. Ba3 a4
60. Qc2 Kf7 61. Qa2+ Kg7 62. Qe6 g5 63. Qe7+ Kg6 64. h5+ Kf5 65. g4+ 1-0

[Event "TCh-FRA Top 16 GpB 2023"]
[Site "Chartres FRA"]
[Date "2023.06.03"]
[Round "3.2"]
[Board "1"]
[White "Narayanan, S.L."]
[Black "Espinosa Aranda, Angel"]
[Result "1-0"]
[WhiteTitle "GM"]
[BlackTitle "IM"]
[WhiteElo "2657"]
[BlackElo "2442"]
[WhiteTeam "Mulhouse Philidor"]
[BlackTeam "Marseille Echecs"]
[WhiteFideId "5058422"]
[BlackFideId "2278189"]
[EventDate "2023.06.01"]

1. d4 d5 2. c4 dxc4 3. Nf3 Nf6 4. e3 e6 5. Bxc4 c5 6. O-O a6 7. Nbd2 cxd4 8.
Nxd4 Bd7 9. b3 Nc6 10. Bb2 Be7 11. N4f3 O-O 12. Qb1 Qa5 13. a3 Rad8 14. b4 Qh5
15. Re1 Bc8 16. Nf1 Qg6 17. e4 Nh5 18. Qc1 h6 19. Ng3 Nxg3 20. hxg3 Kh7 21. e5
f5 22. exf6 Bxf6 23. Bxf6 Qxf6 24. Qc2+ Qf5 25. Qb2 e5 26. Nxe5 Qf6 27. Re3 Bf5
28. Rae1 Nd4 29. g4 Bc2 30. f3 Qh4 31. Qc3 Qg3 32. Bd3+ Bxd3 33. Qxd3+ Kg8 34.
Rf1 Nc6 35. Qb3+ Kh7 36. f4 Qh4 37. Qc2+ Kg8 38. Qc4+ Kh7 39. Qe4+ Kg8 40. Ng6
Qxg4 41. Nxf8 Kxf8 42. Rfe1 Qd7 43. Qg6 Qf7 44. Qh7 Qd7 45. f5 Qd4 46. f6 gxf6
47. Qxh6+ Kf7 48. Qh7+ Kf8 49. Kh1 Ne5 50. Rxe5 1-0

[Event "TCh-FRA Top 16 GpB 2023"]
[Site "Chartres FRA"]
[Date "2023.06.03"]
[Round "3.2"]
[Board "2"]
[White "Martinez Reyes, Pedro Ramon"]
[Black "Mendonca, Leon Luke"]
[Result "1/2-1/2"]
[WhiteTitle "FM"]
[BlackTitle "GM"]
[WhiteElo "2376"]
[BlackElo "2623"]
[WhiteTeam "Marseille Echecs"]
[BlackTeam "Mulhouse Philidor"]
[WhiteFideId "3901807"]
[BlackFideId "35028561"]
[EventDate "2023.06.01"]

1. e4 c6 2. d4 d5 3. e5 c5 4. Nf3 cxd4 5. Qxd4 Nc6 6. Qf4 e6 7. Bd3 Nb4 8. Bd2
Nxd3+ 9. cxd3 Bd7 10. Nc3 Ne7 11. h4 h5 12. O-O Nf5 13. a4 Be7 14. g3 Qb6 15.
Ne2 a5 16. Bc3 O-O 17. Nfd4 Nxd4 18. Bxd4 Qb3 19. Bc3 d4 20. Nxd4 Qd5 21. Qe4
Qxe4 22. dxe4 Rfc8 23. Rfd1 Be8 24. Nb5 Rc4 25. Nd6 Bxd6 26. exd6 Rxa4 27. Rxa4
Bxa4 28. Ra1 Bc6 29. Rxa5 Rxa5 30. Bxa5 Kf8 31. e5 Ke8 32. Kf1 Bf3 33. Ke1 Kd7
34. Kd2 Bg4 35. Ke3 Bd1 36. Kf4 Ke8 37. Bd2 Be2 38. Ke3 Bd1 39. Kd4 Kd7 40. Bg5
Bf3 41. Be7 Ke8 42. Kc5 Be4 43. Kb6 Kd7 44. Bf8 g6 45. Kc5 Bf3 46. Kd4 Bd1 47.
Ke3 Ke8 48. Be7 Kd7 49. Kf4 Ke8 50. Kg5 Bf3 51. Kf6 Bc6 52. Kg7 Bb5 53. Bg5 Bc6
54. Bd2 Bb5 55. Kf6 Bc6 56. Kg5 Bf3 57. Bb4 Be2 58. Kf4 Kd7 59. Be1 Ke8 60. Kg5
Bf3 61. Kf6 Bc6 62. Bd2 Bb5 63. Kg5 Be2 64. b4 Bf3 65. Kf4 Bd1 66. Ke3 Kd7 67.
f3 Ke8 68. Kf4 Be2 69. g4 Bd1 70. Be1 Be2 71. Ke3 Bd1 72. gxh5 gxh5 73. f4 Bc2
74. Kd4 Kd7 75. Kc5 Be4 76. Bd2 Bf3 77. f5 exf5 78. Kd4 f4 79. Bxf4 Bg4 80. Ke4
Be6 81. Bg3 Bg4 82. Kf4 Be2 83. Kg5 Bg4 84. Kf6 Be6 85. Bf2 Bd5 86. Be3 Be6 87.
Bc5 Bd5 88. Bf2 Be6 89. Bc5 Bd5 1/2-1/2

[Event "TCh-FRA Top 16 GpB 2023"]
[Site "Chartres FRA"]
[Date "2023.06.03"]
[Round "3.2"]
[Board "3"]
[White "Bluebaum, Matthias"]
[Black "Philippe, Guillaume"]
[Result "1/2-1/2"]
[WhiteTitle "GM"]
[BlackTitle "IM"]
[WhiteElo "2672"]
[BlackElo "2350"]
[WhiteTeam "Mulhouse Philidor"]
[BlackTeam "Marseille Echecs"]
[WhiteFideId "24651516"]
[BlackFideId "36048763"]
[EventDate "2023.06.01"]

1. Nf3 Nf6 2. c4 e6 3. g3 a6 4. Bg2 b5 5. b3 Bb7 6. O-O c5 7. Nc3 b4 8. Na4 d6
9. d4 Nbd7 10. d5 exd5 11. Nh4 g6 12. cxd5 Bg7 13. Bb2 O-O 14. e4 Re8 15. Re1 a5
16. Qd2 Nb6 17. Nxb6 Qxb6 18. Rad1 a4 19. e5 dxe5 20. Bxe5 axb3 21. axb3 Ne4 22.
Rxe4 Rxe5 23. Rxe5 Bxe5 24. Nf3 Bc3 25. Qf4 Qf6 26. Qc7 Bxd5 27. Rxd5 Ra1+ 28.
Bf1 Qxf3 29. Rd8+ Kg7 30. Qxc5 h5 31. Qf8+ Kh7 32. Rd7 Rxf1+ 33. Kxf1 Qh1+ 34.
Ke2 Qe4+ 35. Kf1 Qh1+ 36. Ke2 Qe4+ 37. Kf1 Qh1+ 38. Ke2 1/2-1/2

[Event "TCh-FRA Top 16 GpB 2023"]
[Site "Chartres FRA"]
[Date "2023.06.03"]
[Round "3.2"]
[Board "4"]
[White "Bacrot, Alexandre"]
[Black "Riff, Jean-Noel"]
[Result "0-1"]
[BlackTitle "GM"]
[WhiteElo "2390"]
[BlackElo "2401"]
[WhiteTeam "Marseille Echecs"]
[BlackTeam "Mulhouse Philidor"]
[WhiteFideId "26076837"]
[BlackFideId "611190"]
[EventDate "2023.06.01"]

1. d4 Nf6 2. c4 e6 3. Nf3 d5 4. e3 Bd6 5. b3 O-O 6. Bd3 b6 7. O-O Bb7 8. Bb2
Nbd7 9. Nc3 c5 10. cxd5 exd5 11. Re1 Re8 12. Bf1 Nf8 13. g3 Ne6 14. Bg2 Rc8 15.
dxc5 bxc5 16. Rc1 Bf8 17. Nb1 Ne4 18. Nbd2 Nxd2 19. Qxd2 Qb6 20. Qc2 d4 21. e4
Rcd8 22. Ne5 Ng5 23. Nc4 Qg6 24. f3 d3 25. Qd2 f5 26. Ne5 Qh6 27. f4 Nxe4 28.
Bxe4 Bxe4 29. Rxe4 fxe4 30. Re1 c4 31. Rxe4 Qb6+ 32. Kf1 Bb4 33. Qd1 c3 34. Qh5
cxb2 35. Qf7+ Kh8 36. Qg8+ Kxg8 0-1

[Event "TCh-FRA Top 16 GpB 2023"]
[Site "Chartres FRA"]
[Date "2023.06.03"]
[Round "3.2"]
[Board "5"]
[White "Rakotomaharo, Fy Antenaina"]
[Black "Lamaze, Simon"]
[Result "0-1"]
[WhiteTitle "IM"]
[BlackTitle "FM"]
[WhiteElo "2462"]
[BlackElo "2377"]
[WhiteTeam "Mulhouse Philidor"]
[BlackTeam "Marseille Echecs"]
[WhiteFideId "13100050"]
[BlackFideId "36069264"]
[EventDate "2023.06.01"]

1. Nf3 d5 2. d4 Nf6 3. e3 e6 4. c4 c5 5. Nc3 Nc6 6. cxd5 Nxd5 7. Bd3 Be7 8. O-O
Nxc3 9. bxc3 O-O 10. Bb2 b6 11. Qe2 Bb7 12. Rfd1 Qc7 13. e4 Na5 14. Bc1 Rfe8 15.
g3 Rad8 16. Bb5 Bc6 17. Bf4 Qb7 18. Bxc6 Qxc6 19. h4 Qa4 20. h5 h6 21. Rac1 Qc4
22. Qxc4 Nxc4 23. Kf1 f6 24. Ke2 Kf7 25. g4 b5 26. Rb1 a6 27. Bg3 Rc8 28. Nh4
cxd4 29. cxd4 Red8 30. Ng6 Ba3 31. Rb3 Bb2 32. Rbd3 Rd7 33. f4 Rcd8 34. Bf2 b4
35. f5 Re8 36. fxe6+ Rxe6 37. Kf3 Bc3 38. Rc1 Rc6 39. Rdd1 Nb2 40. d5 Rc4 41.
Rf1 Nd3 42. Rcd1 Ne5+ 43. Nxe5+ Bxe5 44. Rd3 a5 45. a3 Ke7 46. axb4 axb4 47. Rb1
Kd6 48. Rd2 Rc3+ 49. Ke2 Rb7 50. Rd3 Rc4 51. Kf3 Rc2 52. Be3 Rh2 53. Rdb3 Rh3+
54. Ke2 Rh2+ 55. Kf3 Rc7 56. Rxb4 Rh3+ 57. Ke2 Rc2+ 58. Kd1 Rg2 59. Rb6+ Kd7 60.
Bd2 Rd3 61. R1b2 Bf4 62. Rb7+ Kc8 63. Rxg7 Rdxd2+ 64. Rxd2 Rxd2+ 65. Ke1 Rd4 66.
Re7 Kd8 67. Rf7 Rxe4+ 68. Kf2 Bg5 0-1

[Event "TCh-FRA Top 16 GpB 2023"]
[Site "Chartres FRA"]
[Date "2023.06.03"]
[Round "3.2"]
[Board "6"]
[White "Ruperez Benito, Antonio"]
[Black "Papadiamandis, Elliot"]
[Result "1/2-1/2"]
[WhiteTitle "FM"]
[BlackTitle "IM"]
[WhiteElo "2307"]
[BlackElo "2320"]
[WhiteTeam "Marseille Echecs"]
[BlackTeam "Mulhouse Philidor"]
[WhiteFideId "22245049"]
[BlackFideId "36074160"]
[EventDate "2023.06.01"]

1. e4 c5 2. Nf3 d6 3. Bb5+ Nd7 4. O-O a6 5. Bd3 Ngf6 6. Re1 Qc7 7. c3 Ne5 8. Be2
Ng6 9. Bf1 e5 10. d4 Be7 11. dxe5 dxe5 12. c4 O-O 13. Nc3 h6 14. Be3 Bd7 15. Qc2
Rac8 16. a4 Bd6 17. Nd5 Nxd5 18. cxd5 Ne7 19. Nd2 f5 20. f3 fxe4 21. fxe4 b5 22.
b3 Ng6 23. axb5 axb5 24. Ra6 Nf4 25. Rea1 Qb8 26. Ra7 Bg4 27. Nb1 c4 28. bxc4
bxc4 29. h3 Bh5 30. Nc3 Bc5 31. Bxc5 Rxc5 32. Qa4 Qb2 33. Qd7 Bf7 34. Ra8 Ng6
35. Qd6 Rcc8 36. Rxc8 Rxc8 37. Qa3 Qd2 38. Qc1 Qd4+ 39. Kh1 Nf4 40. Nb5 Qc5 41.
Na7 Ra8 42. Qxc4 Qe3 43. Qc7 Qd4 44. Ra3 Qf2 45. Rf3 Qxa7 46. Qxe5 Ng6 47. Qc3
Re8 48. d6 Kh7 49. Bb5 Rb8 50. Qc7 Rb7 51. Rxf7 Rxc7 52. dxc7 Qb7 53. Be2 Ne5
54. Re7 Nc6 55. Rf7 Ne5 56. Re7 Nc6 57. Rf7 Ne5 1/2-1/2

[Event "TCh-FRA Top 16 GpB 2023"]
[Site "Chartres FRA"]
[Date "2023.06.03"]
[Round "3.2"]
[Board "7"]
[White "Burri, Quentin"]
[Black "Rottenwohrer Suarez, Juan"]
[Result "1-0"]
[WhiteTitle "IM"]
[BlackTitle "FM"]
[WhiteElo "2403"]
[BlackElo "2265"]
[WhiteTeam "Mulhouse Philidor"]
[BlackTeam "Marseille Echecs"]
[WhiteFideId "26028654"]
[BlackFideId "32068182"]
[EventDate "2023.06.01"]

1. e4 e5 2. Nf3 Nc6 3. Bb5 a6 4. Ba4 Nf6 5. O-O Be7 6. d3 b5 7. Bb3 d6 8. a3 O-O
9. Nc3 Na5 10. Ba2 c5 11. b4 Nc6 12. Nd5 Bb7 13. c3 Nxd5 14. Bxd5 Qc7 15. Qb3
Bf6 16. Be3 cxb4 17. axb4 Ne7 18. Bxb7 Qxb7 19. Nd2 Rfd8 20. Rfd1 Qc7 21. Ra3 a5
22. bxa5 Rxa5 23. Rxa5 Qxa5 24. Rb1 h5 25. g3 g6 26. Qb4 Qa2 27. Qxb5 Qc2 28.
Rb3 Ra8 29. Kg2 Kg7 30. d4 Ra1 31. d5 Rd1 32. Rb2 Qxc3 33. Qb3 Qc1 34. Rb1 Rg1+
35. Kf3 1-0

[Event "TCh-FRA Top 16 GpB 2023"]
[Site "Chartres FRA"]
[Date "2023.06.03"]
[Round "3.2"]
[Board "8"]
[White "Belluire, Beatrice"]
[Black "Navrotescu, Andreea"]
[Result "1-0"]
[BlackTitle "WGM"]
[WhiteElo "1985"]
[BlackElo "2194"]
[WhiteTeam "Marseille Echecs"]
[BlackTeam "Mulhouse Philidor"]
[WhiteFideId "26017296"]
[BlackFideId "675946"]
[EventDate "2023.06.01"]

1. e4 e5 2. Nf3 Nc6 3. Bc4 Bc5 4. O-O Nf6 5. d3 O-O 6. Re1 d6 7. c3 a6 8. a4 Ba7
9. h3 Ne7 10. d4 Ng6 11. Nbd2 exd4 12. Nxd4 Nd7 13. N2f3 Nde5 14. Bg5 Qe8 15.
Bd5 Kh8 16. Qc2 f6 17. Be3 c6 18. Bb3 c5 19. Nxe5 cxd4 20. Nxg6+ Qxg6 21. cxd4
Bxh3 22. f4 Rac8 23. Qf2 Bd7 24. f5 Qg4 25. Bd2 Qh5 26. Bc3 Rfe8 27. Re3 Re7 28.
Rh3 Qg5 29. Re1 Rce8 30. Bd2 Qg4 31. Bd1 Bxd4 32. Qxd4 Rxe4 33. Qxe4 Qxe4 34.
Rxe4 Rxe4 35. Bc2 Re2 36. Rd3 Bc6 37. Rxd6 Rxg2+ 38. Kf1 h5 39. Bb3 g5 40. Bc3
Rg4 41. Rxf6 Rf4+ 42. Ke1 Kh7 43. Rf8 Re4+ 44. Kd2 Re8 45. Bg8+ Kh6 46. Rf6+ Kg7
47. Rg6+ Kf8 48. Bb4+ 1-0

[Event "TCh-FRA Top 16 GpB 2023"]
[Site "Chartres FRA"]
[Date "2023.06.03"]
[Round "3.3"]
[Board "1"]
[White "Lupulescu, Constantin"]
[Black "Kulaots, Kaido"]
[Result "1/2-1/2"]
[WhiteTitle "GM"]
[BlackTitle "GM"]
[WhiteElo "2573"]
[BlackElo "2509"]
[WhiteTeam "Grasse Echecs"]
[BlackTeam "THF - St Quentin"]
[WhiteFideId "1207822"]
[BlackFideId "4500261"]
[EventDate "2023.06.01"]

1. d4 Nf6 2. c4 g6 3. Nc3 d5 4. cxd5 Nxd5 5. e4 Nxc3 6. bxc3 Bg7 7. Nf3 c5 8.
Bb5+ Nc6 9. Rb1 O-O 10. d5 Ne5 11. O-O a6 12. Bd3 Bg4 13. Be2 Nxf3+ 14. Bxf3
Bxf3 15. Qxf3 b5 16. Bg5 Re8 17. Rfe1 h6 18. Bf4 e6 19. Red1 1/2-1/2

[Event "TCh-FRA Top 16 GpB 2023"]
[Site "Chartres FRA"]
[Date "2023.06.03"]
[Round "3.3"]
[Board "2"]
[White "Cheng, Bobby"]
[Black "Saric, Ivan"]
[Result "1/2-1/2"]
[WhiteTitle "GM"]
[BlackTitle "GM"]
[WhiteElo "2560"]
[BlackElo "2670"]
[WhiteTeam "THF - St Quentin"]
[BlackTeam "Grasse Echecs"]
[WhiteFideId "4300033"]
[BlackFideId "14508150"]
[EventDate "2023.06.01"]

1. d4 Nf6 2. c4 g6 3. Nc3 Bg7 4. e4 d6 5. Nf3 O-O 6. Be2 e5 7. O-O Na6 8. dxe5
dxe5 9. Be3 Qe7 10. Nd5 Qd8 11. Nc3 Ng4 12. Bg5 f6 13. Bd2 Nh6 14. Qa4 Qe8 15.
Qa3 c6 16. b4 Nc7 17. b5 Ne6 18. Rfd1 g5 19. bxc6 bxc6 20. Be3 g4 21. Nh4 Nd4
22. Rab1 Qh5 23. g3 f5 24. Qc5 Qf7 25. Bd3 f4 26. Bxd4 exd4 27. Ne2 Bf6 28. Nf5
Nxf5 29. exf5 fxg3 30. hxg3 Be7 31. Qxc6 Bxf5 32. Bxf5 Qxf5 33. Qd5+ Qxd5 34.
cxd5 Bc5 35. Nxd4 Rf6 36. Rbc1 Bb6 37. Rc6 Raf8 38. Rxf6 Rxf6 39. Rd2 h5 40. Kg2
Bxd4 41. Rxd4 Rd6 42. Kf1 Kf7 43. Ke2 Ra6 44. a4 Rf6 45. Rb4 Rf5 46. Rb5 Kf6 47.
Ra5 Re5+ 48. Kd3 Rf5 49. Ke3 Rf3+ 50. Ke2 Rf5 51. Ra6+ Kg5 52. Rd6 a5 53. Rd8
Kg6 54. Ke3 Rf3+ 55. Ke4 Rxf2 56. Rg8+ Kf7 57. Rg5 Re2+ 58. Kd4 Rg2 59. Rxh5
Rxg3 60. Kc5 Rc3+ 61. Kb5 g3 62. Kxa5 Kf6 63. Rh1 g2 64. Rg1 Rc2 65. Kb4 Ke5 66.
a5 Kxd5 67. a6 Ke5 1/2-1/2

[Event "TCh-FRA Top 16 GpB 2023"]
[Site "Chartres FRA"]
[Date "2023.06.03"]
[Round "3.3"]
[Board "3"]
[White "Parligras, Mircea-Emilian"]
[Black "Marcelin, Cyril"]
[Result "1/2-1/2"]
[WhiteTitle "GM"]
[BlackTitle "GM"]
[WhiteElo "2556"]
[BlackElo "2443"]
[WhiteTeam "Grasse Echecs"]
[BlackTeam "THF - St Quentin"]
[WhiteFideId "1204297"]
[BlackFideId "607274"]
[EventDate "2023.06.01"]

1. d4 d5 2. c4 e6 3. Nf3 a6 4. Bg5 Be7 5. Bxe7 Qxe7 6. Nbd2 Nf6 7. g3 b6 8. Bg2
Bb7 9. Rc1 c5 10. cxd5 exd5 11. dxc5 bxc5 12. Nb3 Nbd7 13. Na5 Rb8 14. Nxb7 Rxb7
15. b3 O-O 16. O-O a5 17. e3 a4 18. Ne1 axb3 19. axb3 Rb6 20. Nd3 Rfb8 21. Nf4
d4 22. exd4 cxd4 23. Qxd4 Rxb3 24. Rfe1 Qb4 25. Qxb4 R3xb4 26. Nd5 1/2-1/2

[Event "TCh-FRA Top 16 GpB 2023"]
[Site "Chartres FRA"]
[Date "2023.06.03"]
[Round "3.3"]
[Board "4"]
[White "Brochet, Philippe"]
[Black "Wirig, Anthony"]
[Result "1-0"]
[WhiteTitle "IM"]
[BlackTitle "GM"]
[WhiteElo "2399"]
[BlackElo "2518"]
[WhiteTeam "THF - St Quentin"]
[BlackTeam "Grasse Echecs"]
[WhiteFideId "602469"]
[BlackFideId "615013"]
[EventDate "2023.06.01"]

1. e4 c5 2. Nf3 e6 3. d4 cxd4 4. Nxd4 a6 5. Be3 Qc7 6. c4 Nf6 7. Bd3 Bc5 8. Nc3
d6 9. Qe2 O-O 10. O-O e5 11. Nf5 Bxf5 12. exf5 Bxe3 13. Qxe3 Nbd7 14. Rfd1 Rad8
15. Rd2 b5 16. cxb5 d5 17. Qe1 d4 18. Ne4 axb5 19. Bxb5 Nxe4 20. Qxe4 Qa5 21.
Qe2 Nf6 22. Rad1 Qxa2 23. Qxe5 Qb3 24. Qe2 Qb4 25. Qc4 Qa5 26. b4 Qb6 27. Bc6
Rd6 28. b5 Rfd8 29. h3 g6 30. Re2 Nd5 31. fxg6 hxg6 32. Rxd4 Nc3 33. Re7 Rf6 34.
Rxd8+ Kg7 35. Rxf7+ 1-0

[Event "TCh-FRA Top 16 GpB 2023"]
[Site "Chartres FRA"]
[Date "2023.06.03"]
[Round "3.3"]
[Board "5"]
[White "Milliet, Sophie"]
[Black "Chabanon, Jean-Luc"]
[Result "1/2-1/2"]
[WhiteTitle "IM"]
[BlackTitle "GM"]
[WhiteElo "2384"]
[BlackElo "2435"]
[WhiteTeam "Grasse Echecs"]
[BlackTeam "THF - St Quentin"]
[WhiteFideId "623725"]
[BlackFideId "600075"]
[EventDate "2023.06.01"]

1. e4 e5 2. Nf3 Nc6 3. Bb5 a6 4. Ba4 Nf6 5. O-O Be7 6. d3 d6 7. c3 O-O 8. Re1 b5
9. Bc2 Nd7 10. Be3 Nb6 11. Nbd2 Rb8 12. h3 Kh8 13. d4 Bf6 14. Rc1 Ne7 15. b4 Ng6
16. Bb3 Be6 17. Qc2 Qe8 18. d5 Bc8 19. c4 bxc4 20. Nxc4 Nxc4 21. Qxc4 Bd8 22.
Bc2 f5 23. exf5 Bxf5 24. Ng5 Bxg5 25. Bxg5 Bxc2 26. Rxc2 Rf7 27. Qxa6 Rxb4 28.
Rec1 Qb8 29. Kh2 h6 30. Be3 Kh7 31. Rc4 Qb5 32. Qxb5 Rxb5 33. Rd1 Ra5 34. a4 Rd7
35. Rdc1 Ne7 36. Rxc7 Rxc7 37. Rxc7 Nxd5 38. Rd7 Nxe3 39. fxe3 1/2-1/2